000 01280nam a2200433 a 4500
003 AR-BaBNM
005 20251128205753.0
008 082120s2002 ||||||||||||||000 | spa||
020 _a84-271-1946-1
040 _cAR-BaBNM
100 1 _aPicchi, Mario
245 0 0 _aProyecto hombre
260 _aBilbao
_bEdiciones Mensajero
_c1995
300 _a130 p.
490 0 _aPsicología
_vv. 143
500 _aEl libro contiene una versión breve de la historia del "Proyecto Hombre" en Italia y España escrita por el director de la comunidad de Navarra, José Ignacio Alberdi Olano: p. 5-12
500 _aDirecciones en España: p. 13-17
610 2 4 _aDaytop Village
650 4 _aJOVENES
650 4 _aDROGAS
650 4 _aDROGADICCION
650 4 _aREHABILITACION
650 4 _aTERAPIA
650 4 _aFAMILIA
650 4 _aADICCION
650 4 _aPROBLEMAS SOCIALES
650 4 _aFRUSTRACION
650 4 _aDROGAS
650 4 _aRELACIONES INTERPERSONALES
650 4 _aRELACION PADRES-HIJOS
650 4 _aCOMPORTAMIENTO SOCIAL
650 4 _aRIESGOS PARA LA SALUD
650 4 _aCOMUNIDAD TERAPEUTICA
651 4 _aEspaña
653 _aPREVENCION DE ADICCIONES
700 1 _aLarracoechea, Enrique
_etraductor
942 _cBK
998 _carturo
999 _c12746
_d12746